Arrondissements français connectés sur une carte #1 - Statistiques

Statistiques générales
  • Ce quiz a été pris 30 fois
  • Le résultat moyen est 21 sur 28
Réponses sur la Carte
Les réponses sont colorées sur une échelle allant du rouge au vert en fonction du pourcentage des utilisateurs qui les ont devinées à leur premier essai. Vous pouvez retrouver ces pourcentages ci-dessous.
 
Statistiques - réponses
Arrondissements % Correct
Nice
97%
Nantes
93%
Saint-Nazaire
93%
Lorient
90%
Quimper
90%
Vannes
90%
Grasse
86%
Aix-en-Provence
83%
La Roche-sur-Yon
83%
Privas
83%
Clermont-Ferrand
79%
Guéret
79%
Draguignan
76%
Niort
76%
Apt
72%
Carpentras
72%
Riom
72%
Aubusson
69%
Châtellerault
69%
Poitiers
69%
Tournon-sur-Rhône
69%
Nyons
66%
Le Blanc
62%
Fontenay-le-Comte
59%
Montbrison
59%
Brignoles
55%
Yssingeaux
55%
Ambert
52%
Aucun quiz correspondant
Distribution des résultats
% des personnes avec chaque résultat
Percentile par nombre de réponses
Votre historique - résultats
Vous n’avez pas pris ce quiz